000 00709nam a22002770a 4500
001 PT40623
003 AR-LpoUNG
005 20210131230759.0
008 191001s1996||||xxu|||||||||||||||||eng d
020 _a052140472X
_c$124
040 _aAR-LpoUNG
_bspa
_cAR-LpoUNG
_eaacr
041 _aeng
044 _axxu
082 0 _aR510 468min
100 1 _aThompson, Anthony C.
245 1 0 _aMinkowski geometry
250 _a1ยช ed.
260 _aNew York :
_bCambridge University,
_c1996.
300 _axvi, 346 p. :
_bil.
650 4 _aENCICLOPEDIAS
650 4 _aMATEMATICAS
650 4 _aMATERIAL DE REFERENCIA
651 4 _aDOCUMENTOS TEORICOS O METODOLOGICOS
905 _a40623
942 _cLSALA
999 _c6146
_d6146